000 00464nam a2200157Ia 4500
999 _c40486
_d40486
003 OSt
005 20200630114644.0
008 190216s9999||||xx |||||||||||||| ||und||
040 _coclc
082 _a934
_bTHA/I
100 _aThapar, Romila
_9444
245 0 _aIndian Charitram: Praacheena Kaalam /
_cRomila Thapar
260 _bKerala Bhasha Institute,
_c1986.
_aTrivandrum:
300 _a128p
942 _cBK
_2ddc
_h934
_iTHA/I
_k934
_mTHA/I